000 01038nam a22003257a 4500
001 138
003 FISKH
005 20230301084311.0
008 230301b cb ||||| |||| 00| 0 eng d
020 _a9780590443500
040 _aDLC
_cDLC
_dDLC
_dFISKH
_beng
042 _alcac
050 0 0 _aHV1624.B65
_bD37
082 0 0 _a686.2/12/0924
_aB
_a92
100 1 _aDavidson, Margaret,
_d1936-
245 1 0 _aLouis Braille, the boy who invented books for the blind.
_cIllustrated by Janet Compere.
260 _aNew York,
_bScholastic
_c1971
300 _a80 p.
_billus.
_c22 cm.
505 _aK
520 _aThe life of the 19th-century Frenchman who invented an alphabet enabling the blind to read.
521 8 _a580
_bLexile
521 8 _aK
_bRaz-Plus
600 1 0 _aBraille, Louis,
_d1809-1852
_xJuvenile literature.
600 1 1 _aBraille, Louis,
_d1809-1852.
650 1 _aBlind.
650 1 _aPeople with disabilities.
700 1 _aCompere, Janet,
_eillus.
906 _a7
_bcbc
_corignew
_d1
_eocip
_f19
_gy-gencatlg
942 _2ddc
_cBK
_n0
999 _c138
_d138